00740nac a22001931u 4500020001500000082001500015090001500030100003400045245016000079250001600239260003800255300002600293500002600319511002600345650002400371942001700395999001500412952011900427 a8121900859 a692.5bBHA c5582d5582 aBhasin, P. L.  aQuantity surveying :bestimating & costing for building & civil engineering works based on Indian standard method of measurement (I.S. 1200)/cP. L. Bhasin a3rd rev ed. aNew Delhi :bS. Chand, 1982c1982 a291p.:bill.;c23 cm. adistributer: Al-Ahram acatalogued by: wessam abuildingxestimates cBBk692.5BHA c5582d5582 00104070aMAINbMAINc1STd2007-10-31ePurchasel1m10o692.5BHAp000006660r2025-07-15 00:00:00s2009-04-16yBB